|
|
|
|
| LEADER |
00000cam a2200000 i 4500 |
| 001 |
1/104376 |
| 008 |
090427s2003 gre d |
| 020 |
|
|
|a 960-431-836-5
|
| 035 |
|
|
|l 10104393
|
| 040 |
|
|
|a GR-MY-UA
|b gre
|e aacr
|
| 041 |
0 |
|
|a gre
|
| 082 |
0 |
|
|a 923.2
|2 (22)
|
| 100 |
1 |
|
|a Λεπτοκαρίδης, Στέργιος Π.
|
| 245 |
1 |
2 |
|a Η πρώτη Ελληνίδα βουλευτής :
|b ο θηλυκός επαναστάτης /
|c Στεργίου Π. Λεπτοκαρίδη
|
| 260 |
|
|
|a [Θεσσαλονίκη] :
|b Ζήτης,
|c [2003]
|
| 300 |
|
|
|a 183 σ.;
|b εικ.;
|c 21 εκ.
|
| 504 |
|
|
|a Βιβλιογραφία: σ. 183
|
| 600 |
1 |
0 |
|a Σκούρα Ελένη Ι.
|
| 650 |
0 |
0 |
|a Politicians
|z Greece
|x Biography.
|
| 650 |
0 |
0 |
|a Women in politics
|z Greece
|x History.
|
| 852 |
|
|
|a INST
|b LESVOS
|e 20090427
|h 923.2 ΛΕΠ
|p 005100044804
|q 005100044804
|t BK
|y 0
|
| 901 |
|
|
|a BIBL1-2009-1
|
| 909 |
|
|
|a Λ
|b 141291
|
| 970 |
|
|
|a ΓΙΑΛΑΜΑ
|b ΜΑΡΙΑ
|z 2009/04/27
|